000 00371nam a2200157 i 4500
001 bg
100 1 _aLANGO, D.
245 0 _aĆwiczenia laboratoryjne z chemii ogólnej /
_cD. Lango, M. Lango.
250 _aWyd.3.
260 _aBydgoszcz,
_c1985.
700 1 _aLANGO, M.
040 _cBPK
041 _apol
942 _cKS
008 s pl f |000 0 pol
999 _c3115
_d3115
856 _uhttp://koha.tu.koszalin.pl/cgi-bin/koha/opac-detail.pl?biblionumber=3115
_yKatalog online BPK